000 01578nam a2200349 4500
001 0000016192
003 CO-CtgCURN
005 20250429224005.0
007 ta
008 160627s1996 000 0 eng d
020 _a9682454832
040 _aCO-CtgCURN
_bspa
_ccoctgcurn
082 0 _a370.092
_bK659c
100 1 _aKozik, Frantisek.
245 1 0 _aComenio :
_bAngel de la paz /
_cFrantisek Kozik , traducción Ludmila Holkova.
260 _aMexico :
_bTrillas,
_c1996.
300 _a236 p.
336 _2rdacontent
337 _2rdamedia
_asin mediacion
_bn
338 _2rdacarrier
_avolumen
_bnc
490 1 _aBiblioteca grandes educadores ;
_v7
500 _aTraducción la obra en checoslovaco: Angel Miru.
505 8 _aLa huida.--La juventud rebelde.--Deslumbramiento.--El casamiento y el secreto.--La cara de la patria.--Nubes amenazantes.--Las quejas de los pobres.--En los escondites.--El afligido.--La despedida.--La didactica.--Las luchas y los conflictos.--El camino de la gloria.--La ciudad de la paz.--Nuevos viajes.--La funcion teatral.--La ribera de los naufragos.--La consulta general.--angel de la paz.--La enmienda general.--Lo unico necesario.--La despedida
650 1 4 _aEducación.
700 1 _aHolkova, Ludmila,
_eTraductor.
730 0 _aAngel de la paz.
908 _a160627
942 _cBK
_h370.092
_iK659c
_2ddc
999 _c34485
_d34485